[Event "I Trofeo Giovanni Pico"]
[Site "Mirandola ITA"]
[Date "2008.01.11"]
[Round "1"]
[White "Marani, Luca"]
[Black "Ferraguti, Francesco"]
[Result "1-0"]
[WhiteElo "1875"]
[BlackElo "1455"]
[PlyCount "43"]
[EventDate "2008.01.11"]

1. e4 e5 2. Nf3 Nf6 3. Nxe5 d6 4. Nf3 Nxe4 5. d4 Be7 6. Bd3 Nf6 7. O-O O-O 8.
Bg5 Be6 9. c4 c6 10. Nc3 Nbd7 11. Re1 Re8 12. Qc2 Rc8 13. Re2 d5 14. c5 b6 15.
b4 h6 16. Bh4 b5 17. Rae1 Bg4 18. Re3 Bxf3 19. gxf3 g5 20. Bg3 Nh5 21. Bd6 Kf8
22. Rxe7 1-0

[Event "I Trofeo Giovanni Pico"]
[Site "Mirandola ITA"]
[Date "2008.01.11"]
[Round "1"]
[White "Moi, Roberto"]
[Black "Ugolini, Lorenzo"]
[Result "1-0"]
[WhiteElo "1933"]
[BlackElo "1482"]
[PlyCount "55"]
[EventDate "2008.01.11"]

1. d4 d5 2. c4 e6 3. Nc3 Nf6 4. cxd5 exd5 5. Bg5 Be7 6. e3 O-O 7. Qc2 c6 8. Bd3
h6 9. Bh4 Be6 10. Nge2 Nbd7 11. f3 c5 12. O-O c4 13. Bf5 a6 14. Nf4 Bxf5 15.
Qxf5 g5 16. Bxg5 hxg5 17. Qxg5+ Kh7 18. Qf5+ Kh8 19. Ncxd5 Rg8 20. e4 Nxd5 21.
Nxd5 Nf6 22. Qe5 Re8 23. f4 Kg7 24. Rf3 Kg8 25. Qg5+ Kh8 26. Nxf6 Qxd4+ 27. Kh1
Qxe4 28. Qh6+ 1-0

[Event "I Trofeo Giovanni Pico"]
[Site "Mirandola ITA"]
[Date "2008.01.11"]
[Round "1"]
[White "Paoli, Walter"]
[Black "Pinna, Ferdinando"]
[Result "1-0"]
[WhiteElo "2059"]
[BlackElo "1635"]
[PlyCount "53"]
[EventDate "2008.01.11"]

1. e4 c5 2. c3 d5 3. exd5 Qxd5 4. d4 Nf6 5. Nf3 Bg4 6. Be2 e6 7. O-O Be7 8. Be3
O-O 9. Nbd2 cxd4 10. Nxd4 Bxe2 11. Qxe2 Nc6 12. N2b3 Nxd4 13. Bxd4 Rfd8 14.
Rad1 Qf5 15. Rfe1 Bd6 16. Bxf6 Qxf6 17. Qe4 Qf4 18. g3 Qxe4 19. Rxe4 Bc7 20.
Rxd8+ Rxd8 21. Rc4 Bb6 22. a4 a5 23. Kf1 g6 24. Ke2 Kg7 25. f3 e5 26. Nc5 Kf6
27. Nxb7 1-0

[Event "I Trofeo Giovanni Pico"]
[Site "Mirandola ITA"]
[Date "2008.01.11"]
[Round "1"]
[White "Raisi, Michele"]
[Black "Solinas, Roberto"]
[Result "0-1"]
[WhiteElo "1435"]
[BlackElo "1798"]
[PlyCount "114"]
[EventDate "2008.01.11"]

1. c4 e6 2. Nc3 d5 3. cxd5 exd5 4. g3 c6 5. Bg2 Nf6 6. d3 Be7 7. Nf3 O-O 8. O-O
Be6 9. a3 a5 10. a4 Nbd7 11. b3 Qc7 12. Ba3 Bxa3 13. Rxa3 Qd6 14. Ra1 Nc5 15.
d4 Nce4 16. Rc1 Qb4 17. Qc2 Bg4 18. e3 Bf5 19. Rfe1 Nxg3 20. Qb2 Nge4 21. Nxe4
Bxe4 22. Ne5 Bxg2 23. Kxg2 Qd6 24. f3 Nd7 25. Nd3 Qg6+ 26. Kh1 Qxd3 27. Rc3 Qf5
28. Qg2 Qg6 29. Qh3 Qe6 30. Qg3 Nf6 31. Rg1 g6 32. h4 Rfd8 33. Rg2 Kh8 34. Rh2
Nh5 35. Qe1 Qd6 36. f4 f5 37. Rc5 b6 38. Rc3 c5 39. Rhc2 Rdc8 40. dxc5 Rxc5 41.
Rxc5 bxc5 42. Qc3+ Ng7 43. Qxc5 Qxc5 44. Rxc5 h6 45. Rxd5 Rb8 46. Rb5 Rxb5 47.
axb5 Ne6 48. Kg1 Kg7 49. Kf2 Kf7 50. Ke2 Nc5 51. b6 Ke7 52. Kd2 Nxb3+ 53. Kc3
Nc5 54. Kc4 Kd6 55. Kb5 a4 56. Kb4 Kc6 57. b7 Kxb7 0-1

[Event "I Trofeo Giovanni Pico"]
[Site "Mirandola ITA"]
[Date "2008.01.11"]
[Round "1"]
[White "Salvioli, Alessandro"]
[Black "Sciortino, Massimo"]
[Result "0-1"]
[WhiteElo "1793"]
[BlackElo "2268"]
[PlyCount "94"]
[EventDate "2008.01.11"]

1. e4 c5 2. Nf3 Nc6 3. d4 cxd4 4. Nxd4 g6 5. Nc3 Bg7 6. Be3 Nf6 7. f3 Qb6 8.
Nf5 Qxb2 9. Nxg7+ Kf8 10. Bd2 Kxg7 11. Rb1 Qa3 12. Rb3 Qd6 13. Nb5 Qb8 14. Bc3
a6 15. Nd4 Nxd4 16. Bxd4 e5 17. Be3 b5 18. c4 b4 19. Bc5 Re8 20. Rxb4 Qc7 21.
Bb6 Qc6 22. Bd3 d6 23. Be3 Be6 24. Rb6 Qc7 25. Qa4 a5 26. O-O Reb8 27. Rfb1 Nd7
28. R6b5 Rxb5 29. Rxb5 Nb8 30. Bb6 Qd7 31. Qa3 Qc6 32. Qb3 Na6 33. a3 Nc7 34.
Bxc7 Qxc7 35. Qc3 Bd7 36. Rb3 Rc8 37. Qb2 Be6 38. Rc3 Qc5+ 39. Kf1 Qd4 40. Qc2
f5 41. exf5 gxf5 42. Qd2 e4 43. fxe4 fxe4 44. Qg5+ Kh8 45. Qf4 Qxc3 46. Qxe4
Rf8+ 47. Ke2 Bf5 0-1

[Event "I Trofeo Giovanni Pico"]
[Site "Mirandola ITA"]
[Date "2008.01.11"]
[Round "1"]
[White "Vincenzi, Marco"]
[Black "Fragni, Enrico"]
[Result "1-0"]
[WhiteElo "2074"]
[BlackElo "1731"]
[PlyCount "45"]
[EventDate "2008.01.11"]

1. Nf3 d6 2. e4 Bg4 3. d4 Nd7 4. Be3 e5 5. Nbd2 Be7 6. c3 Ngf6 7. Be2 h6 8. O-O
O-O 9. Qb3 Qc8 10. a4 a5 11. Rfd1 Bxf3 12. Bxf3 c5 13. Nf1 Kh7 14. Ng3 g6 15.
Be2 Qc7 16. f4 exd4 17. cxd4 cxd4 18. Bxd4 Nc5 19. Qc3 Nfd7 20. Bg4 b6 21. Nf5
Bd8 22. Qh3 Bf6 23. Qxh6+ 1-0

[Event "I Trofeo Giovanni Pico"]
[Site "Mirandola ITA"]
[Date "2008.01.11"]
[Round "1"]
[White "Vitiello, Luigi"]
[Black "Castellano, Alfonso"]
[Result "0-1"]
[WhiteElo "1488"]
[BlackElo "1936"]
[PlyCount "37"]
[EventDate "2008.01.11"]

1. Nf3 Nf6 2. c4 g6 3. b3 Bg7 4. Nc3 d5 5. cxd5 Nxd5 6. Bb2 Nc6 7. e4 Nf4 8.
Na4 Nb4 9. d4 e5 10. a3 Nc6 11. dxe5 O-O 12. Qxd8 Rxd8 13. Rd1 Bg4 14. Bc4
Nxg2+ 15. Ke2 Bxe5 16. Rhg1 Bxb2 17. Nxb2 Ne5 18. Rxd8+ Rxd8 19. Kf1 0-1

[Event "I Trofeo Giovanni Pico"]
[Site "Mirandola ITA"]
[Date "2008.01.12"]
[Round "2"]
[White "Buriani, Andrea"]
[Black "Marani, Luca"]
[Result "1/2-1/2"]
[WhiteElo "2148"]
[BlackElo "1875"]
[PlyCount "67"]
[EventDate "2008.01.11"]

1. d4 d5 2. Nf3 Nf6 3. c4 e6 4. Nc3 Be7 5. Bg5 O-O 6. e3 b6 7. Bd3 dxc4 8. Bxc4
Ba6 9. Bxa6 Nxa6 10. O-O c5 11. Qe2 cxd4 12. Nxd4 Nc5 13. Rfd1 Qc7 14. Rac1
Rac8 15. Ncb5 Qb7 16. Bxf6 gxf6 17. Nc3 Kh8 18. b4 Rg8 19. Nf3 Nd7 20. a3 Ne5
21. e4 Ng6 22. Qe3 a5 23. bxa5 Bc5 24. Qd2 bxa5 25. Rb1 Qc7 26. Nb5 Qf4 27.
Qxf4 Nxf4 28. Ne1 Nh3+ 29. Kf1 Nxf2 30. Nd3 Nxe4 31. Nxc5 Rxc5 32. Rb2 Rf5+ 33.
Kg1 Rb8 34. Rdb1 1/2-1/2

[Event "I Trofeo Giovanni Pico"]
[Site "Mirandola ITA"]
[Date "2008.01.12"]
[Round "2"]
[White "Castellano, Alfonso"]
[Black "Ricci Petitoni, Angelo"]
[Result "1-0"]
[WhiteElo "1936"]
[BlackElo "1374"]
[PlyCount "51"]
[EventDate "2008.01.11"]

1. c4 Nf6 2. Nc3 e6 3. e4 Nc6 4. Nf3 d6 5. d4 g6 6. Bg5 Bg7 7. Qc1 e5 8. d5 Ne7
9. h3 a6 10. Bd3 O-O 11. b4 b6 12. c5 c6 13. dxc6 Nxc6 14. Nd5 dxc5 15. bxc5 b5
16. O-O Be6 17. Rd1 Ra7 18. Bxb5 Bxd5 19. Bxc6 Qc8 20. exd5 Nd7 21. Bh6 f6 22.
Bxg7 Kxg7 23. Bxd7 Rxd7 24. c6 Rd6 25. Rb1 Rfd8 26. Rb7+ 1-0

[Event "I Trofeo Giovanni Pico"]
[Site "Mirandola ITA"]
[Date "2008.01.12"]
[Round "2"]
[White "De Zaiacomo, Tonino"]
[Black "Caramaschi, Vincenzo"]
[Result "0-1"]
[WhiteElo "1792"]
[BlackElo "1458"]
[PlyCount "80"]
[EventDate "2008.01.11"]

1. d4 e6 2. c4 d5 3. e3 c6 4. Nf3 f5 5. Nc3 Nf6 6. Bd2 Be7 7. Rc1 O-O 8. Bd3
Bd7 9. O-O Be8 10. cxd5 cxd5 11. Ne5 Nbd7 12. Nb5 Nxe5 13. dxe5 Bxb5 14. exf6
Bxd3 15. fxe7 Qxe7 16. Re1 Rac8 17. Bc3 Ba6 18. a3 Qd7 19. b3 Rc6 20. Qd4 Rfc8
21. e4 fxe4 22. Rxe4 Rxc3 23. Rce1 Rc1 24. h4 Rxe1+ 25. Rxe1 Qf7 26. g4 Rc2 27.
g5 Be2 28. Qxa7 h6 29. Qb8+ Kh7 30. Qg3 Qf5 31. gxh6 Qg4 32. Qxg4 Bxg4 33. hxg7
Kxg7 34. Re5 Bf5 35. b4 d4 36. Rb5 d3 37. Rxb7+ Kh6 38. Rd7 d2 39. Kg2 Be4+ 40.
Kg3 Bd5 0-1

[Event "I Trofeo Giovanni Pico"]
[Site "Mirandola ITA"]
[Date "2008.01.12"]
[Round "2"]
[White "Dionigi, Riccardo"]
[Black "Salvioli, Alessandro"]
[Result "1/2-1/2"]
[WhiteElo "1554"]
[BlackElo "1793"]
[PlyCount "55"]
[EventDate "2008.01.11"]

1. d4 Nf6 2. Nf3 g6 3. Bg5 Bg7 4. e3 d6 5. c4 O-O 6. Bd3 a5 7. Nc3 Nbd7 8. O-O
c6 9. Qc2 Qc7 10. Rfe1 e5 11. Rad1 h6 12. Bh4 g5 13. Bg3 Nh5 14. Ne2 c5 15. d5
Nb8 16. Nd2 f5 17. f3 Na6 18. a3 Bh8 19. Bf2 Bd7 20. g4 Ng7 21. h3 Rab8 22. Ng3
Qc8 23. Kg2 Rf7 24. e4 fxg4 25. hxg4 h5 26. Nf5 Nxf5 27. exf5 b5 28. Ne4
1/2-1/2

[Event "I Trofeo Giovanni Pico"]
[Site "Mirandola ITA"]
[Date "2008.01.12"]
[Round "2"]
[White "Garofalo, Sergio"]
[Black "Malfagia, Andrea"]
[Result "0-1"]
[WhiteElo "1882"]
[BlackElo "2264"]
[PlyCount "56"]
[EventDate "2008.01.11"]

1. d4 e6 2. Nf3 c5 3. e3 Nf6 4. b3 b6 5. Bd3 Be7 6. O-O O-O 7. c4 Bb7 8. Nbd2
Nc6 9. a3 d5 10. Bb2 Rc8 11. Qe2 Qc7 12. Ne5 cxd4 13. exd4 Nxe5 14. dxe5 Nd7
15. Rac1 Qb8 16. Bb1 Rfd8 17. Rc3 Qxe5 18. Bxh7+ Kf8 19. Qd1 Nf6 20. Qc2 dxc4
21. bxc4 Qf4 22. Nb3 Bd6 23. Rg3 Rxc4 24. Qd3 Bc7 25. Qb1 Qh6 26. Rh3 Rh4 27.
Bxf6 Rxh3 28. Bxd8 Bxh2+ 0-1

[Event "I Trofeo Giovanni Pico"]
[Site "Mirandola ITA"]
[Date "2008.01.12"]
[Round "2"]
[White "Gilevych, Artem"]
[Black "Bolognesi, Alberto"]
[Result "1-0"]
[WhiteElo "2069"]
[BlackElo "1866"]
[PlyCount "53"]
[EventDate "2008.01.11"]

1. d4 Nf6 2. Nf3 c5 3. c4 g6 4. Nc3 Bg7 5. e4 cxd4 6. Nxd4 d6 7. Be2 O-O 8. Be3
Nc6 9. O-O Bd7 10. f3 a6 11. Qd2 Rc8 12. b3 Ne8 13. Rac1 Qa5 14. Nxc6 Bxc6 15.
Rc2 Nf6 16. Nd5 Qd8 17. Bh6 Re8 18. Rfc1 e6 19. Nxf6+ Bxf6 20. Rd1 Qe7 21. Qxd6
Qxd6 22. Rxd6 Be5 23. Rd1 f5 24. exf5 exf5 25. c5 Bc7 26. Bc4+ Kh8 27. Re2 1-0

[Event "I Trofeo Giovanni Pico"]
[Site "Mirandola ITA"]
[Date "2008.01.12"]
[Round "2"]
[White "Gozzi, Giorgio"]
[Black "Vitiello, Luigi"]
[Result "0-1"]
[WhiteElo "1868"]
[BlackElo "1488"]
[PlyCount "86"]
[EventDate "2008.01.11"]

1. e4 e5 2. Nf3 Nc6 3. d4 exd4 4. Bc4 Be7 5. Nxd4 d6 6. Nc3 Ne5 7. Be2 Nf6 8.
O-O O-O 9. h3 h6 10. Bf4 Bd7 11. Nf3 Nxf3+ 12. Bxf3 Bc6 13. Qd2 Re8 14. Rfe1
Nh7 15. Nd5 Bg5 16. c4 Bxf4 17. Qxf4 Rc8 18. Bh5 Bxd5 19. exd5 Nf6 20. Bf3 Qd7
21. Be4 Re5 22. f3 Rce8 23. Kf2 Qe7 24. Re2 Nxe4+ 25. Rxe4 Rxe4 26. fxe4 Qxe4
27. Qxe4 Rxe4 28. Rc1 Kf8 29. c5 Ke7 30. Rc3 dxc5 31. Rxc5 Kd6 32. Rc3 Re5 33.
Rb3 b6 34. Ra3 a5 35. Rf3 f5 36. a3 Rxd5 37. b4 g5 38. h4 c5 39. bxc5+ bxc5 40.
Rc3 Ke5 41. Re3+ Kd4 42. Re6 gxh4 43. Rxh6 Kd3 0-1

[Event "I Trofeo Giovanni Pico"]
[Site "Mirandola ITA"]
[Date "2008.01.12"]
[Round "2"]
[White "Guaragno, Michele"]
[Black "Vincenzi, Marco"]
[Result "1-0"]
[WhiteElo "1837"]
[BlackElo "2074"]
[PlyCount "115"]
[EventDate "2008.01.11"]

1. d4 Nf6 2. c4 e6 3. Nf3 c5 4. e3 b6 5. Be2 Bb7 6. O-O Be7 7. Nc3 d6 8. d5 e5
9. e4 Nbd7 10. Ne1 O-O 11. f4 exf4 12. Bxf4 Ne5 13. Bxe5 dxe5 14. Nf3 Nd7 15.
Qd3 g6 16. Nd2 Bg5 17. Rad1 Bh6 18. Bg4 Nf6 19. Bf3 Ne8 20. Be2 Nd6 21. Nf3 Bg7
22. Nb5 Nxb5 23. cxb5 f5 24. b3 fxe4 25. Qxe4 Rf4 26. Qe3 Qd6 27. Bc4 e4 28.
Ng5 Rxf1+ 29. Kxf1 Bd4 30. Qxe4 Rf8+ 31. Ke1 Rf5 32. Qe6+ Qxe6+ 33. Nxe6 Bxd5
34. Nxd4 cxd4 35. Rxd4 Bxc4 36. bxc4 Rc5 37. Kd2 Kf7 38. Kd3 Ke6 39. a4 a6 40.
h3 axb5 41. axb5 Rg5 42. g4 h5 43. Ke3 hxg4 44. hxg4 Rc5 45. Kf4 g5+ 46. Ke3
Ke5 47. Re4+ Kd6 48. Kd4 Rc7 49. Re5 Rg7 50. Rf5 Rg6 51. c5+ bxc5+ 52. Rxc5 Kd7
53. Rd5+ Kc7 54. Kc5 Kb7 55. Rd7+ Kc8 56. Rf7 Kb8 57. b6 Rg8 58. Kb5 1-0

[Event "I Trofeo Giovanni Pico"]
[Site "Mirandola ITA"]
[Date "2008.01.12"]
[Round "2"]
[White "Pinna, Ferdinando"]
[Black "Marson, Antonio"]
[Result "1-0"]
[WhiteElo "1635"]
[BlackElo "1809"]
[PlyCount "59"]
[EventDate "2008.01.11"]

1. e4 c6 2. d4 d5 3. Nc3 dxe4 4. Nxe4 Bf5 5. Ng3 Bg6 6. h4 h6 7. Nf3 Nd7 8. h5
Bh7 9. Bd3 Bxd3 10. Qxd3 Qc7 11. Bd2 e6 12. O-O-O O-O-O 13. Ne4 Ngf6 14. g3
Nxe4 15. Qxe4 Nf6 16. Qe2 Bd6 17. c4 c5 18. Bc3 Kb8 19. Kb1 Rhg8 20. Ne5 Rgf8
21. f4 Rde8 22. dxc5 Bxc5 23. b4 Be7 24. Nxf7 Ka8 25. Ne5 Rc8 26. Ng6 Rfe8 27.
Nxe7 Qxc4 28. Qxc4 Rxc4 29. Bxf6 gxf6 30. Rhe1 1-0

[Event "I Trofeo Giovanni Pico"]
[Site "Mirandola ITA"]
[Date "2008.01.12"]
[Round "2"]
[White "Sciortino, Massimo"]
[Black "Moi, Roberto"]
[Result "0-1"]
[WhiteElo "2268"]
[BlackElo "1933"]
[PlyCount "52"]
[EventDate "2008.01.11"]

1. e4 e5 2. Nf3 Nf6 3. Nxe5 Nxe4 4. Nc3 d5 5. Nxe4 dxe4 6. Bc4 Qg5 7. Nxf7 Qxg2
8. Rf1 Bg4 9. Be2 Bxe2 10. Qxe2 Kxf7 11. Qc4+ Ke8 12. Qxc7 Nd7 13. Qxb7 Rb8 14.
Qc6 Be7 15. d4 Rf8 16. Be3 Rf6 17. Qc4 Rxb2 18. Qc8+ Bd8 19. O-O-O Rb8 20. Qc4
Qg6 21. Rg1 Qf7 22. d5 Qe7 23. Bg5 Qa3+ 24. Kd2 Ba5+ 25. c3 Qb2+ 26. Ke3 Qxf2+
0-1

[Event "I Trofeo Giovanni Pico"]
[Site "Mirandola ITA"]
[Date "2008.01.12"]
[Round "2"]
[White "Solinas, Roberto"]
[Black "Paoli, Walter"]
[Result "0-1"]
[WhiteElo "1798"]
[BlackElo "2059"]
[PlyCount "92"]
[EventDate "2008.01.11"]

1. d4 Nf6 2. Nf3 g6 3. Nbd2 d5 4. e3 Bg7 5. Bd3 O-O 6. O-O Bg4 7. c4 c6 8. Qc2
Bxf3 9. Nxf3 Nbd7 10. b3 dxc4 11. bxc4 c5 12. d5 Nxd5 13. Rb1 Nb4 14. Qe2 Nxd3
15. Qxd3 Qc7 16. e4 Rad8 17. Qc2 b6 18. Bg5 Ne5 19. Nxe5 Qxe5 20. f4 Qd4+ 21.
Rf2 Rd7 22. f5 h6 23. Bf4 Qd3 24. Kh1 Qxc2 25. Rxc2 Rfd8 26. h3 Rd1+ 27. Rxd1
Rxd1+ 28. Kh2 Rd4 29. fxg6 fxg6 30. Bb8 Rd7 31. a4 Kf7 32. a5 Ke6 33. axb6 axb6
34. Re2 Be5+ 35. Bxe5 Kxe5 36. Kg3 Rd3+ 37. Kg4 Rd4 38. Rb2 Rxe4+ 39. Kf3 Rxc4
40. Rxb6 e6 41. g4 Rc3+ 42. Kg2 Rd3 43. Rb2 c4 44. Re2+ Kd5 45. Rf2 c3 46. Rf6
c2 0-1

[Event "I Trofeo Giovanni Pico"]
[Site "Mirandola ITA"]
[Date "2008.01.12"]
[Round "2"]
[White "Ugolini, Lorenzo"]
[Black "Boni, Gianni"]
[Result "1-0"]
[WhiteElo "1482"]
[BlackElo "1778"]
[PlyCount "105"]
[EventDate "2008.01.11"]

1. d4 b6 2. e4 Bb7 3. f3 e6 4. c4 Bb4+ 5. Bd2 Bxd2+ 6. Qxd2 d6 7. Nc3 Nd7 8.
O-O-O a6 9. Bd3 Qe7 10. Nge2 Ngf6 11. Nf4 O-O-O 12. Rhe1 h6 13. e5 dxe5 14.
dxe5 Nh7 15. Qc2 g6 16. Bxg6 Qg5 17. Bxh7 Qxf4+ 18. Kb1 Qxc4 19. Be4 Nc5 20.
Bxb7+ Kxb7 21. Rd2 Qf4 22. Red1 Rxd2 23. Rxd2 Qxe5 24. b4 Qxh2 25. bxc5 Qg1+
26. Kb2 Qxc5 27. Qe4+ Kb8 28. Qd4 Qf8 29. Ne4 f5 30. Nf6 Kb7 31. Nd7 Qc8 32.
Ne5 Rg8 33. Rc2 Rd8 34. Qc4 Rd5 35. Nf7 c5 36. Qxd5+ exd5 37. Nd6+ Kc7 38. Nxc8
Kxc8 39. Re2 Kd7 40. Re5 Kc6 41. Rxf5 c4 42. Kc3 Kc5 43. Re5 b5 44. f4 b4+ 45.
Kc2 Kd6 46. Rh5 a5 47. Rxh6+ Kc5 48. f5 a4 49. f6 b3+ 50. axb3 axb3+ 51. Kb2
Kb4 52. f7 c3+ 53. Kc1 1-0

[Event "I Trofeo Giovanni Pico"]
[Site "Mirandola ITA"]
[Date "2008.01.12"]
[Round "3"]
[White "Benincasa, Marco"]
[Black "Buriani, Andrea"]
[Result "0-1"]
[WhiteElo "1981"]
[BlackElo "2148"]
[PlyCount "32"]
[EventDate "2008.01.11"]

1. e4 e5 2. Nf3 Nc6 3. d4 exd4 4. Nxd4 Bc5 5. Be3 Bxd4 6. Bxd4 Nf6 7. Nc3 O-O
8. Be2 Re8 9. f3 d6 10. O-O Be6 11. Qd2 Nxd4 12. Qxd4 Nd7 13. Bd3 a6 14. Rad1
Qe7 15. Ne2 c5 16. Qc3 c4 0-1

[Event "I Trofeo Giovanni Pico"]
[Site "Mirandola ITA"]
[Date "2008.01.12"]
[Round "3"]
[White "Bolognesi, Alberto"]
[Black "Raisi, Michele"]
[Result "1-0"]
[WhiteElo "1866"]
[BlackElo "1435"]
[PlyCount "45"]
[EventDate "2008.01.11"]

1. Nf3 Nf6 2. d4 d5 3. c4 g6 4. g3 Bg7 5. Bg2 c6 6. O-O O-O 7. Nc3 Be6 8. cxd5
Nxd5 9. e4 Nb6 10. b3 Bg4 11. Be3 Re8 12. Qd2 Bxf3 13. Bxf3 e5 14. Rad1 exd4
15. Bxd4 Qxd4 16. Qxd4 Bxd4 17. Rxd4 N8d7 18. Bg2 Rad8 19. Rfd1 Ne5 20. Rxd8
Kf8 21. h3 Rxd8 22. Rxd8+ Kg7 23. Rb8 1-0

[Event "I Trofeo Giovanni Pico"]
[Site "Mirandola ITA"]
[Date "2008.01.12"]
[Round "3"]
[White "Boni, Gianni"]
[Black "Gozzi, Giorgio"]
[Result "1/2-1/2"]
[WhiteElo "1778"]
[BlackElo "1868"]
[PlyCount "84"]
[EventDate "2008.01.11"]

1. b3 Nf6 2. Bb2 d5 3. e3 c5 4. Nf3 Nc6 5. Bb5 Bd7 6. Bxc6 Bxc6 7. Ne5 Qc7 8.
Nxc6 Qxc6 9. d3 g6 10. Nd2 Bg7 11. Qe2 O-O 12. f4 a5 13. a4 Rfd8 14. O-O d4 15.
e4 b5 16. axb5 Qxb5 17. Ra4 Nd7 18. Nc4 Nb6 19. Nxb6 Qxb6 20. Rfa1 Ra6 21. Qe1
Rda8 22. Bc1 e5 23. fxe5 Bxe5 24. Bd2 Bc7 25. Qf2 Qd6 26. g3 Qd8 27. Kg2 Qd7
28. Qe1 f5 29. exf5 Qxf5 30. Qf2 Qxf2+ 31. Kxf2 Rf8+ 32. Kg1 Re6 33. Rf1 Re2
34. Rxf8+ Kxf8 35. Bh6+ Kf7 36. Rc4 Bb6 37. h4 Ke6 38. Kf1 Rh2 39. Bf4 Kd5 40.
Ke1 h5 41. Kd1 Rg2 42. Kc1 Bd8 1/2-1/2

[Event "I Trofeo Giovanni Pico"]
[Site "Mirandola ITA"]
[Date "2008.01.12"]
[Round "3"]
[White "Caramaschi, Vincenzo"]
[Black "Solinas, Roberto"]
[Result "0-1"]
[WhiteElo "1458"]
[BlackElo "1798"]
[PlyCount "91"]
[EventDate "2008.01.11"]

1. e4 c6 2. d4 d5 3. Nc3 dxe4 4. Nxe4 Bf5 5. Ng3 Bg6 6. Nf3 Nd7 7. Bd3 Bxd3 8.
Qxd3 Ngf6 9. O-O Qc7 10. Re1 O-O-O 11. Qb3 e6 12. c4 Bd6 13. Bg5 h6 14. Bd2 g5
15. c5 Bf4 16. Bxf4 Qxf4 17. Qa3 Kb8 18. b4 g4 19. Ne5 Nxe5 20. dxe5 Nd5 21. b5
cxb5 22. Rab1 Nc7 23. Ne4 a6 24. Nd6 Rd7 25. Qb3 Qd4 26. a4 Qxc5 27. axb5 Nxb5
28. Nxb5 axb5 29. Rbc1 Qb6 30. Qb4 Rhd8 31. Rc2 Rd1 32. Rce2 h5 33. g3 Qc6 34.
Qe4 Qxe4 35. Rxe4 Rxe1+ 36. Rxe1 Rd5 37. Kg2 Kc7 38. f4 Rd2+ 39. Kf1 Rxh2 40.
Re3 Rd2 41. Ke1 Rd5 42. Ke2 Kb6 43. Rc3 Rd8 44. Ke3 b4 45. Rd3 Rxd3+ 46. Kxd3
0-1

[Event "I Trofeo Giovanni Pico"]
[Site "Mirandola ITA"]
[Date "2008.01.12"]
[Round "3"]
[White "Ferraguti, Francesco"]
[Black "De Zaiacomo, Tonino"]
[Result "1/2-1/2"]
[WhiteElo "1455"]
[BlackElo "1792"]
[PlyCount "44"]
[EventDate "2008.01.11"]

1. d4 e5 2. dxe5 Nc6 3. Nf3 Qe7 4. e3 Nxe5 5. Be2 d6 6. O-O Nf6 7. b3 Bd7 8.
Nbd2 g6 9. Bb2 Bg7 10. Re1 O-O 11. c4 Bc6 12. Qc2 Rae8 13. Rad1 Nfd7 14. h3 Nc5
15. Nxe5 dxe5 16. Bf3 e4 17. Bxg7 Kxg7 18. Qc3+ Kg8 19. Be2 Rd8 20. Nf1 Qg5 21.
Nh2 h5 22. g3 Bd7 1/2-1/2

[Event "I Trofeo Giovanni Pico"]
[Site "Mirandola ITA"]
[Date "2008.01.12"]
[Round "3"]
[White "Malfagia, Andrea"]
[Black "Castellano, Alfonso"]
[Result "1-0"]
[WhiteElo "2264"]
[BlackElo "1936"]
[PlyCount "75"]
[EventDate "2008.01.11"]

1. d4 Nf6 2. c4 g6 3. Nc3 Bg7 4. e4 d6 5. f3 O-O 6. Bg5 Nc6 7. Nge2 e5 8. d5
Ne7 9. Qd2 a6 10. O-O-O h5 11. Kb1 Bd7 12. Nc1 Rb8 13. h3 Kh7 14. g4 Nc8 15. f4
b5 16. cxb5 axb5 17. Bd3 Qe8 18. Rde1 b4 19. Nd1 Nb6 20. Qf2 exf4 21. Qxf4 Ng8
22. gxh5 Qe5 23. hxg6+ fxg6 24. Qxe5 Bxe5 25. Ne3 Kg7 26. h4 Nf6 27. Nb3 Rfe8
28. Rhg1 Nh5 29. Rc1 Nf4 30. Bf1 Rb7 31. Ng4 Bxg4 32. Rxg4 Rf8 33. Na5 Ra7 34.
Nc6 Ra4 35. Bb5 Raa8 36. Nxe5 dxe5 37. Rxc7+ Kg8 38. Bxf4 1-0

[Event "I Trofeo Giovanni Pico"]
[Site "Mirandola ITA"]
[Date "2008.01.12"]
[Round "3"]
[White "Marson, Antonio"]
[Black "Fragni, Enrico"]
[Result "1/2-1/2"]
[WhiteElo "1809"]
[BlackElo "1731"]
[PlyCount "32"]
[EventDate "2008.01.11"]

1. d4 c6 2. Bf4 d6 3. Nf3 Bg4 4. e3 Nd7 5. Nbd2 Ngf6 6. h3 Bh5 7. c3 e5 8. Bg5
Be7 9. Bxf6 Bxf6 10. Ne4 Be7 11. Be2 h6 12. Ng3 Bg6 13. Bd3 Bxd3 14. Qxd3 g6
15. dxe5 Nxe5 16. Nxe5 dxe5 1/2-1/2

[Event "I Trofeo Giovanni Pico"]
[Site "Mirandola ITA"]
[Date "2008.01.12"]
[Round "3"]
[White "Moi, Roberto"]
[Black "Gilevych, Artem"]
[Result "1/2-1/2"]
[WhiteElo "1933"]
[BlackElo "2069"]
[PlyCount "34"]
[EventDate "2008.01.11"]

1. e4 e6 2. d4 d5 3. Nc3 Bb4 4. Nge2 dxe4 5. a3 Bxc3+ 6. Nxc3 f5 7. f3 exf3 8.
Qxf3 Nf6 9. Bf4 O-O 10. O-O-O Nc6 11. d5 exd5 12. Nxd5 Nxd5 13. Rxd5 Qe7 14.
Qg3 Be6 15. Rd1 Rac8 16. Bb5 Qc5 17. Rhe1 Rf6 1/2-1/2

[Event "I Trofeo Giovanni Pico"]
[Site "Mirandola ITA"]
[Date "2008.01.12"]
[Round "3"]
[White "Paoli, Walter"]
[Black "Guaragno, Michele"]
[Result "1-0"]
[WhiteElo "2059"]
[BlackElo "1837"]
[PlyCount "111"]
[EventDate "2008.01.11"]

1. e4 c5 2. c3 e5 3. Nf3 d6 4. d4 cxd4 5. cxd4 Bg4 6. dxe5 Bxf3 7. Qxf3 Qa5+ 8.
Bd2 Qxe5 9. Bc4 Nf6 10. Nc3 Nbd7 11. O-O Rc8 12. Bb5 a6 13. Bxd7+ Nxd7 14. Bf4
Qe6 15. Rfd1 Ne5 16. Bxe5 dxe5 17. Qg3 g6 18. Rd5 Bg7 19. Rad1 O-O 20. Qd3 Qb6
21. Qe2 Rfd8 22. g3 Rxd5 23. Rxd5 Rd8 24. Qe3 Qc7 25. Qd2 Rxd5 26. Nxd5 Qd6 27.
Qc3 Qd8 28. Qb4 b5 29. Qc5 Bf8 30. Qc7 Qd6 31. Qc8 Kg7 32. Qc3 h5 33. Nc7 Kg8
34. Kg2 Kh7 35. Nd5 Kg7 36. f4 f6 37. Qc7+ Kg8 38. Qxd6 Bxd6 39. Nxf6+ Kf7 40.
Nd5 a5 41. b3 a4 42. Kf3 axb3 43. axb3 Kg7 44. Nc3 b4 45. Nd5 Kh6 46. fxe5 Bxe5
47. Nxb4 g5 48. h3 Kg6 49. g4 h4 50. Nc6 Bc7 51. e5 Kf7 52. Ke4 Ke6 53. Nd4+
Kd7 54. Kf5 Bd8 55. e6+ Kd6 56. Nf3 1-0

[Event "I Trofeo Giovanni Pico"]
[Site "Mirandola ITA"]
[Date "2008.01.12"]
[Round "3"]
[White "Ricci Petitoni, Angelo"]
[Black "Dionigi, Riccardo"]
[Result "0-1"]
[WhiteElo "1374"]
[BlackElo "1554"]
[PlyCount "76"]
[EventDate "2008.01.11"]

1. Nf3 d5 2. d3 Nf6 3. g3 Bf5 4. Bg2 e6 5. O-O c5 6. Nbd2 Nc6 7. Ne1 Bd6 8. Kh1
Qc7 9. Nef3 O-O-O 10. Nh4 Bg6 11. a3 Ne5 12. f4 Neg4 13. Ndf3 Qb6 14. c3 c4 15.
d4 Ne4 16. Qe1 f5 17. Ne5 Nxe5 18. fxe5 Be7 19. Nf3 h5 20. Nh4 Bf7 21. Bxe4
dxe4 22. Ng2 Rdg8 23. Ne3 Qc6 24. Rg1 Rh7 25. Qf1 Rgh8 26. Bd2 g6 27. Be1 Bg5
28. Bf2 Kb8 29. Qh3 h4 30. g4 f4 31. Nxc4 Qxc4 32. Qf1 Qc6 33. Be1 h3 34. Rd1
e3+ 35. Qf3 Qxf3+ 36. exf3 Be8 37. c4 Ba4 38. Rb1 Bc6 0-1

[Event "I Trofeo Giovanni Pico"]
[Site "Mirandola ITA"]
[Date "2008.01.12"]
[Round "3"]
[White "Salvioli, Alessandro"]
[Black "Fiorentini, Davide"]
[Result "1-0"]
[WhiteElo "1793"]
[BlackElo "1596"]
[PlyCount "81"]
[EventDate "2008.01.11"]

1. e4 c6 2. d4 d5 3. Nc3 dxe4 4. Nxe4 Nf6 5. Nxf6+ exf6 6. Bc4 Bd6 7. Nf3 O-O
8. O-O Be6 9. Bd3 Nd7 10. c3 c5 11. Be3 cxd4 12. cxd4 Bg4 13. Rc1 Qa5 14. h3
Bh5 15. Bb1 Qb5 16. b3 Ba3 17. Rc3 Bb4 18. Bd3 Qa5 19. Rc2 Rac8 20. g4 Bg6 21.
Nh4 Rxc2 22. Qxc2 Bxd3 23. Qxd3 Qxa2 24. Qb5 Qxb3 25. Qxd7 Ba5 26. Qf5 Bb6 27.
g5 fxg5 28. Qxg5 Bd8 29. Qg4 Bxh4 30. Qxh4 Re8 31. Qg3 b5 32. Rc1 Qd3 33. Rc7
Qb1+ 34. Kh2 Qe4 35. Qf4 Qd5 36. Rc5 Qd7 37. d5 h6 38. Qg3 Kh7 39. Bd4 Rg8 40.
d6 Qe6 41. Qe5 1-0